LEADER 02039nam 2200349 n 450 001 996392851003316 005 20200824121736.0 035 $a(CKB)4940000000110324 035 $a(EEBO)2240960816 035 $a(UnM)99866546e 035 $a(UnM)99866546 035 $a(EXLCZ)994940000000110324 100 $a19940411d1657 uy | 101 0 $aeng 135 $aurbn||||a|bb| 200 10$aTruth (the strongest of all) witnessed forth in the spirit of truth, against all deceit$b[electronic resource] $eand pleading in righteousnesse its owne cause, to the understanding of the simple, against a very great number of lyes, slanders, perverting of the Scriptures, contradictions and false damnable doctrines, held forth by the Independants. And in particular by one John Bunion, (one of Gogs Army) in two severall bookes put forth by him, against the despised scattered people called Quakers. And is a reply unto his second book, called A vindication, &c. wherein what was wanting in his former of fulfilling wickednesse is now appeared; by his adding sin unto sin, against God and against his owne soule. And this is to cleer the truth from above 100 of John Bunions foule dirty lyes and slanders$fby a friend of the truth as it is in Christ Jesus; and not as it is in mens carnall apprehensions, Edward Burrough 210 $aLondon $cprinted for Giles Calvert, at the Black-spread-Eagle, near the west end of Paules$d1657 215 $a[2], 63, [1] p 300 $aAnnotation on Thomason copy: "May 5th". 300 $aReproduction of the original in the British Library. 330 $aeebo-0018 606 $aTruthfulness and falsehood$vEarly works to 1800 615 0$aTruthfulness and falsehood 700 $aBurrough$b Edward$f1634-1662.$01001305 801 0$bCu-RivES 801 1$bCu-RivES 801 2$bCStRLIN 801 2$bWaOLN 906 $aBOOK 912 $a996392851003316 996 $aTruth (the strongest of all) witnessed forth in the spirit of truth, against all deceit$92359530 997 $aUNISA LEADER 01183nam a2200265 i 4500 001 991002429149707536 005 20020503165149.0 008 930317s1990 it ||| | eng 035 $ab10363403-39ule_inst 035 $aEXGIL103732$9ExL 040 $aBiblioteca Interfacoltà$bita 041 0 $aeng$afre$aita 100 1 $aBelgioioso, Giulia$0162375 245 10$aDescartes :$bil metodo e i saggi :$batti del Convegno per il 350. anniversario della pubblicazione del Discours de la méthode e degli Essais /$ca cura di Giulia Belgioioso ... [et al.] 260 $aRoma :$bIstituto della Enciclopedia italiana,$c[1990] 300 $a2 v. (730 p. compless.) ;$c24 cm 490 0 $aActa encyclopaedica. Sezione storico-epistemologica ;$v18, 1 500 $aTenuto a Lecce nel 1987. 650 4$aDescartes, René$xOpere scientifiche$xCongressi$y1987 907 $a.b10363403$b21-02-17$c27-06-02 912 $a991002429149707536 945 $aLE002 Coll. 12.18, 1-2, 12.18 (indici)$g1$iLE002-14031N-14033N$lle002$o-$pE0.00$q-$rn$so $t0$u0$v0$w0$x0$y.i10424957$z27-06-02 996 $aDescartes$9204031 997 $aUNISALENTO 998 $ale002$b01-01-93$cm$da $e-$feng$git $h0$i1